000 00604nam a2200229Ia 4500
003 OSt
005 20221007072941.0
006 a|||||r|||| 00| 0
007 ta
008 221006b |||||||| |||| 00| 0 eng d
024 _a19,028
037 _cTextual
040 _aFLL
_cFLL
_beng
041 _2eng
_aeng
082 _aZ:87:905, K3
100 _aSchubert Glendon
245 0 _aJudicial decision-making
260 _aLondon
_bThe Free Press of Glencoe England
_c1963
300 _a278p
_ccm.
942 _hZ:87:905, K3
_cTEXL
_2CC
999 _c1147348
_d1147348